Neuere Tendenzen in der deutschen Gegenwartssprache

Objasnenie niektorých moderných tendencií vo vývine nemeckého jazyka s cieľom prispieť k jeho lepšiemu spoznaniu. Ide o ortoepickú, morfosyntaktickú a lexikálnu rovinu nemčiny.

Salvato in:
Dettagli Bibliografici
Autore principale: Adamcová, Silvia, 1984-
Natura: Capitolo di libro
Lingua:tedesco
Soggetti:
Tags: Aggiungi Tag
Nessun Tag, puoi essere il primo ad aggiungerne!!

MARC

LEADER 00000nla a2200000 4500
001 0177695
005 20240502073026.1
041 0 |a ger 
044 |a SK 
245 1 0 |a Neuere Tendenzen in der deutschen Gegenwartssprache  |c Silvia Adamcová 
520 |a Objasnenie niektorých moderných tendencií vo vývine nemeckého jazyka s cieľom prispieť k jeho lepšiemu spoznaniu. Ide o ortoepickú, morfosyntaktickú a lexikálnu rovinu nemčiny. 
610 2 0 |a jazykoveda 
610 2 0 |a jazyky cudzie 
610 2 0 |a nemčina 
100 1 |a Adamcová, Silvia, 1984-